|
|
|
|
| LEADER |
00000nab a2200000Ia 4500 |
| 001 |
vtls010822509 |
| 003 |
SK-MaSNL |
| 005 |
20260303103140.0 |
| 008 |
230121|1976 xo |||||||||||||||||slo| |
| 035 |
|
|
|a (urnnbn)urn:nbn:sk:snk:ar-a061og
|
| 035 |
|
|
|a urn:nbn:sk:snk-ab5ph5
|
| 035 |
|
|
|a (uuid)90a67052-7eec-4ed9-9a40-6ea5c39eba24
|
| 040 |
|
|
|a SNKBUCL
|b slo
|c SNKBUCL
|e AACR2
|
| 041 |
0 |
|
|a slo
|
| 044 |
|
|
|a xo
|c SK
|
| 080 |
|
|
|a 641.88
|2 2001
|
| 080 |
|
|
|a 641.885
|2 2001
|
| 080 |
|
|
|a 664.54)
|2 2011
|
| 080 |
|
|
|a 633.83/.84
|2 2001
|
| 100 |
1 |
|
|a -dva-
|4 aut
|9 1116715
|
| 245 |
1 |
0 |
|a Letmá púť za exotickými pochutinami rastlinného pôvodu
|c -Dva-
|
| 650 |
0 |
7 |
|a pochutiny
|2 SNKPH
|9 85250
|
| 650 |
0 |
7 |
|a korenie
|2 SNKPH
|9 4172
|
| 650 |
0 |
7 |
|a muškátový orech
|2 SNKPH
|9 56115
|
| 650 |
0 |
7 |
|a koreninové rastliny
|2 SNKPH
|9 1783
|
| 650 |
0 |
7 |
|a koreniny
|2 SNK
|9 279315
|
| 773 |
0 |
|
|t Výživa a zdravie : časopis pre výživu a zdravý životný štýl
|g Roč. 21, č. 6 (1976), s. [144a]
|
| 954 |
|
|
|a odborná, vedecká literatúra pôvodná (slovenská)
|2 lita
|
| 958 |
|
|
|a OND
|
| 958 |
|
|
|a EUIPO
|
| 958 |
|
|
|a article5
|
| 999 |
|
|
|c 1847736
|d 1849666
|